| 000 | 00493nam a2200205Ia 4500 | ||
|---|---|---|---|
| 003 | OSt | ||
| 005 | 20250702094952.0 | ||
| 008 | 210210b1989 xxu||||| |||| 00| 0 eng d | ||
| 040 | _cAL | ||
| 082 | _a346.07 KAPE | ||
| 100 |
_aN D Kapoor _9216819 |
||
| 245 | _aElements of mercantile law Ed19 | ||
| 250 | _a19 | ||
| 260 |
_aND _bSultan Chand & Sons _c1989 |
||
| 300 | _a504p | ||
| 650 |
_aCommercial law _9216820 |
||
| 690 |
_aMercantile Law _9216821 |
||
| 906 | _a043703 | ||
| 942 |
_2ddc _cBK |
||
| 999 |
_c93051 _d93051 |
||